La biochimie de Lubert Stryer (Record no. 41646)
[ view plain ]
| 000 -LEADER | |
|---|---|
| fixed length control field | 00613 a2200265 4500 |
| 037 ## - SOURCE OF ACQUISITION | |
| Source of stock number/acquisition | 1, Achat |
| 037 ## - SOURCE OF ACQUISITION | |
| Stock number | S 3784 |
| 020 ## - NUMERO INTERNATIONAL NORMALISE DES LIVRES | |
| International Standard Book Number | 2-257-15016-3 |
| 100 ## - VEDETTE PRINCIPALE - NOM DE PERSONNE | |
| Language of a work | Fr |
| 111 ## - VEDETTE PRINCIPALE -NOM DE REUNION | |
| Meeting name or jurisdiction name as entry element | |
| 260 ## - PUBLICATION, DISTRIBUTION, ETC. (IMPRINT) | |
| Place of publication, distribution, etc | Paris |
| 260 ## - PUBLICATION, DISTRIBUTION, ETC. (IMPRINT) | |
| Name of publisher, distributor, etc | Flammarion Médecine-Sciences |
| 245 ## - TITLE STATEMENT | |
| Title | La biochimie de Lubert Stryer |
| 260 ## - PUBLICATION, DISTRIBUTION, ETC. (IMPRINT) | |
| Date of publication, distribution, etc | 1985 |
| 300 ## - PHYSICAL DESCRIPTION | |
| Extent | 1068 p. |
| 300 ## - PHYSICAL DESCRIPTION | |
| Other physical details | 27cm |
| 630 ## - SUBJECT ADDED ENTRY--UNIFORM TITLE | |
| Uniform title | 57 - Biologie |
| 650 ## - SUBJECT ADDED ENTRY--TOPICAL TERM | |
| Topical term or geographic name as entry element | 5 - SCIENCES EXACTES ET NATURELLES |
| 650 ## - SUBJECT ADDED ENTRY--TOPICAL TERM | |
| Topical term or geographic name as entry element | Biochimie |
| 700 ## - ADDED ENTRY--PERSONAL NAME | |
| Personal name | éd., Weinman, Serge |
| 700 ## - ADDED ENTRY--PERSONAL NAME | |
| Personal name | trad., Manteuil-Brutlag, Simone |
| 700 ## - ADDED ENTRY--PERSONAL NAME | |
| Personal name | préf., Kamoun, P. |
| Withdrawn status | Lost status | Damaged status | Not for loan | Location (home branch) | Sublocation or collection (holding branch) | Date acquired | Koha issues (times borrowed) | Koha full call number | Koha date last seen | Price effective from | Koha item type |
|---|---|---|---|---|---|---|---|---|---|---|---|
| Bibliothèque Universitaire Centrale | Bibliothèque Universitaire Centrale | 28/02/2009 | 577.1 WEI | 28/02/2009 | 28/02/2009 | Livre |